000
00310nam a2200133Ia 4500
008
140130s9999 xx 000 0 und d
245
_c
Norman bridwell
_a
Clifford Takes a trip
260
_b
Scholastic,
_c
1966
300
_a
28
440
_v
1
521
_a
Grade 1 - Grade 2
942
_c
BK
999
_c
40258
_d
40258